000 01032cab a2200301 4500
001 ABS51139
008 090401t1994 xxu||||| |||| 00| 0 eng d
035 _a(Sirsi) u12510
041 _aeng
100 _aRankin, R.
245 _aSuburbia in a rural setting?
260 _c1994
350 _a0
490 _aPlanning Week
_v2(28) 14 July 1994, 20-21(2)
520 _aThe DoE(NI) has endorsed a presumption in favour of single new houses in most of Northern Ireland`s countryside through its recently published Rural Planning Strategy". Discusses whether this is a policy ahead of its time.
650 _aCOUNTRYSIDE POLICY AREAS
650 _aGREEN BELT
650 _aHISTORIC BUILDING COUNCIL
650 _aHOUSING DEVELOPMENT
650 _aNORTHERN IRELAND
650 _aPLANNING POLICY
650 _aPPG3
650 _aULSTER ARCHITECTURAL HERITAGE SOCIETY
650 _aULSTER SOCIETY FOR THE PRESERVATION OF THE COUNTRYSIDE
690 _aPLANNING LAW AND PRACTICE
942 _n0
948 _c04/03/1997
999 _c7995
_d7995